Normal view
MARC view
- Society for Experimental Stress Analysis
Entry Corporate Name
001 - CONTROL NUMBER
- control field: 40890
003 - CONTROL NUMBER IDENTIFIER
- control field: NUST
005 - DATE AND TIME OF LATEST TRANSACTION
- control field: 20210314131918.0
008 - FIXED-LENGTH DATA ELEMENTS
- fixed length control field: 210314|| aca||aabn | a|a d
040 ## - CATALOGING SOURCE
- Original cataloging agency: NUST
- Transcribing agency: NUST
110 ## - HEADING--CORPORATE NAME
- Corporate name or jurisdiction name as entry element: Society for Experimental Stress Analysis
670 ## - SOURCE DATA FOUND
- Source citation: Work cat.: (NUST): American Society for Testing Materials. 25223, Symposium on testing of parts and assemblies,, [1947]
